Nemzeti bizotságok kiadja s Szlovák Szocialista Köztársaság kormánya

Bibliographic Details
New Title:Közigazgatás
Previous Title:Národné výbory
Format: Journal
Language:Hungarian
PhysicalDescription:18 zv.
Published: Bratislava Štatistické a evidenčné vydavateľstvo tlačív 1973-1990
Subjects:

MARC

LEADER 00000cas a2200000 a 4500
001 vtls011842946
003 SK-MaSNL
005 20260228164454.0
008 190226d19731990xo er|p 0 0b2hun
040 |a SNK  |b slo  |c SNK  |e AACR2 
041 0 |a hun 
044 |a xo  |c SK 
072 7 |a 35  |x Verejná správa. Štátna správa. Vojenská správa  |2 konspekt 
080 |a 352  |2 2011 
080 |a 353  |2 2011 
080 |a 354  |2 2011 
080 |a 050  |2 2011 
245 0 |a Nemzeti bizotságok  |b kiadja s Szlovák Szocialista Köztársaság kormánya 
260 |a Bratislava  |b Štatistické a evidenčné vydavateľstvo tlačív  |c 1973-1990 
300 |a 18 zv. 
310 |a 26x ročne 
362 0 |a 1973-č. 24 (1990) $z BA001/2011 
500 |a Na titulnom liste z decembra 1990 je uvedený nový hlavný názov Közigazgatás a nové číslovanie č. 1 a 2 súbežne s pôvodným názvom a číslovaním v rohu 
500 |a Do r. 1972 vychádzal spoločne so slovenským vydaním titulu Národné výbory 
500 |a Maďarská mutácia časopisu Verejná správa 
650 0 7 |a štátna správa  |2 SNKPH  |9 1539 
650 0 7 |a verejná správa  |2 SNKPH  |9 1538 
650 0 7 |a územná samospráva  |2 SNKPH  |9 802 
655 7 |a časopisy orgánov štátnej správy  |2 SNKPH  |9 70759 
775 0 |t Verejná správa  |x 1335-7883  |w vtls001466097 
780 0 0 |t Národné výbory  |w vtls008881579 
785 0 0 |t Közigazgatás  |w vtls001326190 
910 |a snk 
999 |c 13745  |d 15675 
952 |0 0  |1 0  |4 0  |7 0  |a SNK  |b SNK  |d 2019-02-26  |i snkČSP 434/93  |l 0  |o snkČSB 366/A/1990/1  |p 17A0850666  |r 2026-02-21 22:28:30  |t č. 1-13  |w 2026-02-21  |y PREZ 
952 |0 0  |1 0  |4 0  |7 0  |a SNK  |b SNK  |d 2019-02-26  |i snkČSP 436/93  |l 0  |o snkČSB 366/A/1990/2  |p 17A0850708  |r 2026-02-21 22:28:30  |t č. 14-24  |w 2026-02-21  |y PREZ  |z Zviazané s č. 25,26 titulu Kozigazgatás